Statistics for Roblox Trivia

Click here to take the quiz!

General Stats

  • This quiz has been taken 450 times
    (433 since last reset)
  • The average score is 6 of 10

Answer Stats

HintAnswer% Correct
Roblox Is Better Than Fortnite. True or FalseFalse
96%
The Quiz Is Called ______Roblox Trivia
90%
Jailbreak You Start In _____Jail
86%
Work at _____ _____. Is A Game In RobloxPizza Place
86%
Name A Famous Roblox YoutuberDenis
67%
People Who Roblox Are Called ______Robloxians
51%
What is Denis's Roblox UsernameDenisDaily
48%
R _ _ _ _Robux
33%
Roblox Says Minecraft Is Worse Than Roblox. How Many Percent?Fifty One %
12%
Roblox Has ______ Skins.Realistic
2%

Score Distribution

Percentile by Number Answered

Percent of People with Each Score

Your Score History

You have not taken this quiz since the last reset